Gentes y Gentecillas

Guardat en:
Dades bibliogràfiques
Autor principal: Fallas, Carlos Luis
Format: Llibre
Idioma:Undetermined
Publicat: San José, Costa Rica Editorial Costa Rica 1975
Matèries:
Etiquetes: Afegir etiqueta
Sense etiquetes, Sigues el primer a etiquetar aquest registre!

MARC

LEADER 00000nam a2200000Ia 4500
008 170316s9999 xx 000 0 und d
040 |a cru BVZT 
090 |a 868 F-2g 
100 |a Fallas, Carlos Luis 
245 |a Gentes y Gentecillas 
260 |a San José, Costa Rica 
260 |b Editorial Costa Rica 
260 |c 1975 
300 |a 354 páginas 
650 |a LITERATURA COSTARRICENSE 
942 |c 15 D 
999 |c 11028  |d 11028